Estimaciones alternativas de la Brecha del Producto para la economía Argentina (Registro nro. 15016)

Detalles MARC
000 -LEADER
fixed length control field 00487 a2200157 4500
001 - CONTROL NUMBER
control field ART_6930
005 - DATE AND TIME OF LATEST TRANSACTION
control field 20260410161659.0
008 - FIXED-LENGTH DATA ELEMENTS--GENERAL INFORMATION
fixed length control field 260409a
100 1# - MAIN ENTRY--PERSONAL NAME
Personal name Elosegui, Pedro
245 10 - TITLE STATEMENT
Title Estimaciones alternativas de la Brecha del Producto para la economía Argentina
700 1# - ADDED ENTRY--PERSONAL NAME
Personal name Garegnani, Lorena
700 1# - ADDED ENTRY--PERSONAL NAME
Personal name Lanteri, Luis
700 1# - ADDED ENTRY--PERSONAL NAME
Personal name Lepone, Francisco
700 1# - ADDED ENTRY--PERSONAL NAME
Personal name Sotes Paladino, Juan
773 0# - HOST ITEM ENTRY
Title Ensayos Económicos
Related parts - Nº 45 (oct. 2006)
Record control number REV620

No hay ítems disponibles.